00480nam a22001577a 450000500170000000800410001702000300005804100130008808200130010110000250011424500590013925000190019826000470021730000330026465000250029720231110094800.0231110b |||||||| |||| 00| 0 eng d a07021156811 ; 070211572 X aEnglish  a346.1HAH aHahlo, HR lEnglish  aThe South African Law of Husband and Wife / cHR Hahlo aFifth Edition  aCape Town : bJuta and Company Ltd, c1985 blxx, 526 pages ; c25,5 cm.  aLegal practice bLaw